000 00663cam a22002053a 4500
001 34110
003 PGUSA
005 20140828083733.0
008 101021s2010||||xxu|||||s|||||000 | eng d
040 _aPGUSA
_beng
042 _adc
100 1 _aHarding, A. R.
_q(Arthur Robert),
_d1871-1930
245 1 0 _aDeadfalls and Snares :
_bA Book of Instruction for Trappers About These and Other Home-Made Traps
_h[electronic resource] /
_cA. R. Harding
260 _bProject Gutenberg,
_c2010
506 _aPublic domain in the USA.
516 _aElectronic text
830 0 _aProject Gutenberg
_v34110
856 4 0 _uhttp://www.gutenberg.org/ebooks/34110
942 _cEB
999 _c263365
_d263365